000 00569nam a2200193Ia 4500
008 151119s9999||||xx |||||||||||||| ||und||
082 _a891.463
082 _bGKKV16092
100 _aखांडेकर वि स
245 _aरिकामा देव्हारा
260 _a--
260 _b--
260 _c1982
600 _aखांडेकर वि स
630 _aरिकामा देव्हारा
700 _aखांडेकर वि स
730 _aरिकामा देव्हारा
942 _cBOOK
999 _c1069393
_d1069390